000 00744nam a2200193Ia 4500
008 151121s9999||||xx |||||||||||||| ||und||
082 _a831/अब्बासी
082 _bHNW-70479
100 _aअब्बासी नू। - अब्बासी खुरशीद-संपा
245 _aगजल एक सफर
260 _b"शब्दकार, दिल्ली।"
260 _c--
300 _a335
600 _aअब्बासी नू। - अब्बासी खुरशीद-संपा
630 _aगजल एक सफर
700 _aअब्बासी नू। - अब्बासी खुरशीद-संपा
730 _aगजल एक सफर
942 _cBOOK
999 _c1251953
_d1251950